000 00313pam a2200121 a 4500
020 _c
041 _aeng
100 _aबाबासाहेब पुरंदरे .
245 _aसावित्रि
_hTextual Documents
260 _a[s.l]:
_bपॉप्युलर
300 _a70p.
930 _a15553
999 _c92453
_d92453